Geography Quiz

Random Geography or World Quiz

'HJK' Countries by Length Quiz Stats

Quiz Updated Sep 9, 2017

Challenge
Share
Tweet
Embed
Score 0/5 Timer 00:30
8 Plays Today
Length Countries % Correct
5Haiti, Japan, Kenya
93.1%
7Hungary, Jamaica
74.4%
8Honduras, Kiribati
64.7%
6Jordan, Kosovo, Kuwait
64.3%
10Kazakhstan, Kyrgyzstan
58.6%

You're not logged in!

Compare scores with friends on all Sporcle quizzes.
Sign Up with Email
OR
Log In

You Might Also Like...

Show Comments

Extras

Top Quizzes Today


Score Distribution

Your Account Isn't Verified!

In order to create a playlist on Sporcle, you need to verify the email address you used during registration. Go to your Sporcle Settings to finish the process.